Marad a vásárhelyi onkológia rendeletmódosítás várható
Elmentve itt :
| Dokumentumtípus: | Cikk |
|---|---|
| Megjelent: |
2005-12-07
|
| Sorozat: | Délmagyarország
95 No. 286 |
| Kulcsszavak: | Hódmezővásárhely, Egészségügy gyógyítás onkológia Hódmezővásárhely, Erzsébet Kórház és Rendelőintézet (Hódmezővásárhely) |
| Online Access: | http://dmarchiv.bibl.u-szeged.hu/135660 |
| LEADER | 00568nab a2200145 i 4500 | ||
|---|---|---|---|
| 001 | delm135660 | ||
| 005 | 20191127131647.0 | ||
| 008 | 191127s2005 hu o 0|| hun d | ||
| 040 | |a SZTE Délmagyarország Archívum |b hun | ||
| 041 | |a hun | ||
| 245 | 0 | 0 | |a Marad a vásárhelyi onkológia |h [elektronikus dokumentum] : |b rendeletmódosítás várható |
| 260 | |c 2005-12-07 | ||
| 300 | |a 5 | ||
| 490 | 0 | |a Délmagyarország |v 95 No. 286 | |
| 695 | |a Hódmezővásárhely, Egészségügy gyógyítás onkológia Hódmezővásárhely, Erzsébet Kórház és Rendelőintézet (Hódmezővásárhely) | ||